000 00564nam a2200217Ia 4500
003 0100
008 130303s9999 xx 000 0 und d
020 _a1885583087
040 _cARRUPELIB
050 _aQH438.7.B56 2000
245 4 _aThe genome
245 _bplant, animal, human
260 _aSt. Louis
260 _bITEST Faith/Science Press
260 _C2000
300 _a232p.
300 _b 23cm.
650 _bKant, Immanuel
700 _aedited by Robert Brungs and Marianne Postiglione , Brungs, Robert A.Postglione, Marianne
942 0 0 _01
999 _c7641
_d7641